Pioners : els 125 anys de la Federació Catalana de Futbol / els 125 anys de la Federació Catalana de Futbol /
MARC
| LEADER | 00000nam a22000004i 4500 | ||
|---|---|---|---|
| 001 | 29283 | ||
| 003 | AGDB | ||
| 005 | 20260324181545.0 | ||
| 008 | 251113e202511 spca 000 0 cat|c | ||
| 017 | |a B 20029-2025 |b Biblioteca de Catalunya | ||
| 040 | |a ES-BaBAB |b cat |e rda |c ES-BaBAB | ||
| 100 | 1 | |a Montoliu, Álvaro, |e autor | |
| 245 | 1 | 0 | |a Pioners : |b els 125 anys de la Federació Catalana de Futbol / |c Álvaro Montoliu, Carla Borràs, Joan Carles Moreno |
| 250 | |a Primera edició : |b novembre de 2025 | ||
| 264 | 1 | |a Barcelona : |b Federació Catalana de Futbol, |c 2025 | |
| 300 | |a 312 pàgines : |b il·lustracions en color ; |c 28 x 28 cm | ||
| 336 | |a text |b txt |2 rdacontent | ||
| 504 | |a Bibliografia: pàgina 288. | ||
| 610 | 2 | 7 | |a Federació Catalana de Futbol |x Història. |2 lemac |
| 650 | 0 | 7 | |a Esports |x Administració |z Catalunya. |2 lemac |
| 650 | 0 | 7 | |a Futbol |z Catalunya. |2 lemac |
| 700 | 1 | |a Borràs, Carla, |e autor | |
| 700 | 1 | |a Moreno, Joan Carles, |e autor | |
| 908 | |a BAB | ||
| 940 | |a BAB | ||
| 942 | |2 udc |c ARXIU |n 1 | ||
| 952 | |0 0 |1 0 |2 udc |4 0 |6 BIB1414 |7 1 |9 99012 |a Arxiu |b Arxiu |d 2026-01-27 |l 0 |o Bib-1414 |p 29283 |r 2026-01-27 10:57:07 |w 2026-01-27 |y ARXIU | ||
| 999 | |c 130675 |d 130675 | ||